[Event "FTX Crypto Cup Prelims 2021"]
[Site "Chess24"]
[Date "2021.05.18"]
[Round "15.4"]
[White "Grischuk, Alexander"]
[Black "Nepomniachtchi, Ian"]
[Result "0-1"]
[WhiteElo "2784"]
[BlackElo "2778"]
[Annotator "TA"]
[PlyCount "128"]
[EventDate "2021.05.23"]
[EventType "tourn"]
[EventCountry "NET"]
[Tiebreak "Koya+Number of black wins+Number of wins"]
[SourceTitle "playchess.com"]
[Source "ChessBase"]
[SourceQuality "1"]

{[%evp 15,128,14,19,16,28,0,47,65,88,87,93,79,75,95,115,118,122,122,99,107,118,
102,106,121,109,102,114,97,107,118,115,97,123,49,69,13,27,28,17,41,92,31,13,0,
0,0,0,0,0,-167,0,-58,-58,-58,-58,-58,-58,-54,0,0,0,0,0,0,0,0,118,99,90,0,0,0,
90,70,75,39,61,48,198,0,0,0,551,0,0,-22,-15,-83,0,0,0,-97,-82,-97,-80,-398,
-112,-112,-112,-719,-128,-29971,-29974,-29973,-29975,-29975,-29976,-29970,
-29970,-29970,-29970,-29970,-29972,-29972,-29970]} 1. d4 Nf6 2. c4 g6 3. Nc3 d5
4. cxd5 Nxd5 5. e4 Nxc3 6. bxc3 Bg7 7. Nf3 c5 8. Be3 Qa5 9. Nd2 {D85: Exchange
Grünfeld: Unusual White 7th moves and lines with 7 Nf3.} O-O 10. Nb3 Qc7 $5 {
[%mdl 4] A promising side line.} (10... Qxc3+ 11. Bd2 Qb2 12. Bc1 Qc3+ 13. Bd2
Qb2 14. Bc1 Qc3+ 15. Bd2 {1/2-1/2 (15) Grischuk,A (2810)-Nepomniachtchi,I 
(2714) Beijing 2014}) 11. Nxc5 {White is slightly better.} Nd7 12. Na4 a6 {
[#] Black wants to play ...b5.} 13. Rc1 $146 ({Predecessor:} 13. Qd2 b5 14. Nb2
Bb7 15. f3 Rac8 16. c4 f5 17. exf5 gxf5 18. cxb5 axb5 19. Bxb5 {1-0 (41)
Korobov,A (2652)-Nepomniachtchi,I (2729) Riadh 2017}) 13... b5 14. Nb2 Bb7 15.
f3 Qa5 16. Qb3 e5 17. d5 Rfc8 18. Be2 Bf8 19. O-O Nc5 20. Bxc5 Rxc5 21. Nd3 Rc7
22. Nxe5 Rac8 {[%cal Rc7c3]} 23. c4 Qd2 24. Qd3 (24. Qd1 $1 $16 {[%cal Rd1d2]}
Qf4 25. Ng4) 24... Qf4 $14 {[#]} 25. d6 $1 Rc5 $1 $11 {[#]} 26. d7 $1 Rd8 27.
Ng4 {g3 is the strong threat.} Rc7 (27... h5 $14 28. g3 Qg5) 28. Qc3 (28. g3
$16 Qg5 29. h4) 28... Bg7 $14 29. e5 Rcxd7 30. cxb5 axb5 31. Bxb5 Rd2 32. a4 $2
{[#]} (32. Rc2 $11 {and White is okay.}) 32... h5 $2 ({Black should play} 32...
Rxg2+ $1 $19 {[%mdl 512]} 33. Kxg2 Qxg4+ 34. Kf2 (34. Kh1 $2 Qf4 $19) 34... Qf4
) 33. Nf6+ (33. Qe3 $1 $11 Qxg4 34. Qxd2 (34. fxg4 $2 {loses.} Rxg2+ {[%mdl 64]
Double Attack} 35. Kh1 Rg3+ {[%mdl 64] Discovered Attack} 36. Bc6 Bxc6+ 37.
Rxc6 Rxe3 $19) 34... Rxd2 35. fxg4 Rxg2+ {[%mdl 64] Double Attack} 36. Kh1 Rf2+
37. Kg1 Rg2+ {[%mdl 64] Double Attack} 38. Kh1 Rf2+ 39. Kg1 Rg2+ {[%mdl 64]
Double Attack}) 33... Bxf6 $15 34. exf6 Qg5 {[%csl Gd2][%cal Rg5g2]} 35. Rf2
Rxf2 36. Kxf2 Rd2+ (36... Rc8 $1 $15 37. Qxc8+ Bxc8 38. Rxc8+ Kh7) 37. Be2 $11
Rxe2+ 38. Kxe2 {Strongly threatening Kf1.} Qxg2+ {[%mdl 4160] Endgame Double
Attack. KQR-KQB} 39. Kd3 Qxf3+ 40. Kc4 {Hoping for Qxf3.} Qe2+ (40... Qf4+ $11
{keeps the balance.} 41. Kb5 Qxh2) 41. Kb4 $16 Qxh2 42. Qd4 (42. Rd1 $1 $16 {
[%cal Rd1d8]} Qb8 43. Ka3) 42... Qb8 $11 43. Ka3 Qg3+ (43... Qf8+ $11 44. Kb2
Qb8) 44. Rc3 $16 Qe1 45. Re3 (45. Kb4 {is more complex.} Qb1+ 46. Ka5 Qf5+ 47.
Rc5 Qe6 48. Rb5) 45... Qc1+ 46. Kb4 {Threatens to win with Re7.} Bc6 (46... Bh1
$14) 47. Rc3 $2 (47. Re7 $1 $18 {And now Qd8+ would win.} Qb1+ 48. Kc5 Bxa4 49.
Qxa4 Qf5+ 50. Kd6 Qxf6+ 51. Kd7) 47... Qb2+ $11 48. Ka5 Kh7 $2 {[%mdl 8192] [#]
} 49. Qc4 $2 (49. Qb4 $1 $18 {[%cal Rb4b2]} Qxb4+ 50. Kxb4) 49... Bd5 50. Qc5 (
50. Qd3 {is interesting.} Be6 51. Rc5 Kg8 52. Qd8+ Kh7 53. Qd3) 50... Be6 51.
Ka6 (51. Rf3 $11 {remains equal.}) 51... Qe2+ ({Better is} 51... Qg2 $17) 52.
Ka7 h4 53. Qd4 {[#]} (53. a5 $11) 53... g5 $1 $17 {[%mdl 1024] Black has
strong compensation.} 54. a5 h3 {aiming for ...h2.} 55. Re3 $2 {[%mdl 8192]} (
55. Rc5 $17 Qg2 56. Qd3+ Kh6 57. Qd8) 55... Qg4 $2 (55... Qc2 $19 56. Rc3 Qg2)
56. Qd3+ Kh6 57. Re1 {[%mdl 8192]} (57. Qd8 $17) 57... Qf5 $2 (57... h2 $19 {
is more deadly.} 58. Qb1 Bd5) 58. Qd2 $2 {[%mdl 8192]} (58. Qxf5 $17 Bxf5 59.
Kb8) 58... Qc5+ {Black mates.} 59. Kb8 Qc8+ 60. Ka7 Qc7+ 61. Ka8 Bd7 {[%cal
Rd7c6]} 62. Rc1 Bc6+ 63. Rxc6 Qxc6+ {[%mdl 64] Double Attack} 64. Kb8 Qg2 {
Never resign too early!  Weighted Error Value: White=0.57/Black=0.51} 0-1

[Event "FTX Crypto Cup Prelims 2021"]
[Site "Chess24"]
[Date "2021.05.18"]
[Round "15.5"]
[White "Dubov, Daniil"]
[Black "Mamedyarov, Shakhriyar"]
[Result "1-0"]
[WhiteElo "2770"]
[BlackElo "2761"]
[Annotator "TA"]
[PlyCount "85"]
[EventDate "2021.05.23"]
[EventType "tourn"]
[EventCountry "NET"]
[Tiebreak "Koya+Number of black wins+Number of wins"]
[SourceTitle "playchess.com"]
[Source "ChessBase"]
[SourceQuality "1"]

{[%evp 20,85,-7,1,9,-33,-23,-9,0,0,0,0,0,0,0,0,0,0,0,0,0,0,0,0,65,63,57,58,60,
60,63,52,61,58,59,53,95,94,98,95,98,92,112,103,106,106,101,101,136,136,136,136,
136,136,135,122,111,106,125,125,123,130,144,136,164,136,359,356]} 1. Nf3 Nf6 2.
g3 g6 3. d4 Bg7 4. Bg2 O-O 5. O-O d5 6. c4 c6 7. cxd5 cxd5 8. Ne5 Ng4 9. Nxg4
Bxg4 10. Nc3 Nc6 {[%cal Bb8c6,Bc6e5,Be5d3][%mdl 32]} 11. h3 Bd7 {D79:
Fianchetto Grünfeld: Symmetrical Variation (6 0-0 c6 7 cxd5 cxd5).} 12. e4 $5 {
[%mdl 4] A promising side line.} dxe4 ({Wrong is} 12... Bxd4 $2 13. exd5 Rc8
14. Bh6 $18) 13. d5 {[#]} Ne5 $146 {The position is equal.} ({Predecessor:} 
13... Nb4 14. Qb3 a5 15. a3 Nd3 16. Nxe4 Nxc1 17. Raxc1 a4 18. Qb4 Ra6 19. Qxb7
Rb6 {1/2-1/2 (72) Milovanovic,M (2358)-Staal,J (2435) ICCF corr 1988}) 14. Nxe4
Bb5 15. Re1 Nd3 {[%mdl 64] Double Attack} 16. Re3 Nxc1 ({Much weaker is} 16...
Bxb2 $6 17. Bxb2 Nxb2 18. Qb3 $16) 17. Rxc1 Bh6 ({Not} 17... Bxb2 $2 18. Rb1
$18) 18. f4 Qb6 19. Qd2 Rac8 20. Kh2 Rxc1 21. Qxc1 Qd8 (21... Bg7 $11) 22. Qc5
a6 23. Nc3 Qd6 24. Qxd6 exd6 25. Nxb5 axb5 $14 {[%mdl 4096] Endgame KRB-KRB}
26. Rb3 Ra8 27. a3 Ra5 28. Bf1 Bg7 29. Bxb5 Bd4 30. Kg2 h5 31. Kf3 Kg7 32. g4
hxg4+ 33. hxg4 Ra8 34. Bd7 b6 {[#]} 35. Rb4 $1 {[%cal Rb4d4]} Bg1 {[#]} 36. Re4
$1 Ra7 37. Bc6 f5 38. Re2 fxg4+ 39. Kxg4 Bd4 40. a4 Kf7 41. Be8+ Kf8 42. b3 Kg7
$2 (42... Re7 $16 43. Rxe7 Kxe7 44. Bxg6 Kf6) 43. Re6 {[%mdl 64] Double Attack.
Weighted Error Value: White=0.03/Black=0.16} 1-0

[Event "FTX Crypto Cup Prelims 2021"]
[Site "Chess24"]
[Date "2021.05.18"]
[Round "15.6"]
[White "Carlsen, Magnus"]
[Black "Radjabov, Teimour"]
[Result "1-0"]
[WhiteElo "2881"]
[BlackElo "2758"]
[Annotator "TA"]
[PlyCount "103"]
[EventDate "2021.05.23"]
[EventType "tourn"]
[EventCountry "NET"]
[Tiebreak "Koya+Number of black wins+Number of wins"]
[SourceTitle "playchess.com"]
[Source "ChessBase"]
[SourceQuality "1"]

{[%evp 14,103,18,19,22,11,8,11,17,18,29,20,14,18,23,19,25,22,47,47,47,41,43,33,
81,64,93,95,127,119,96,102,110,110,124,107,153,136,129,121,133,136,151,95,163,
0,12,0,0,0,119,99,135,122,110,131,99,56,57,57,58,58,59,59,51,51,58,0,0,0,0,0,0,
0,108,108,29971,29973,29973,29973,29974,29975,29975,29976,29978,29977,29977,
29977,29977,29978,29979,29980]} 1. e4 c5 2. Nf3 Nc6 3. Nc3 e5 4. Bc4 Be7 5. d3
Nf6 6. O-O O-O 7. Nd5 d6 8. c3 Rb8 {B30: Sicilian: 2...Nc6 3 Bb5, lines
without ...g6.} 9. a4 Nxd5 10. Bxd5 Bf6 {The position is equal.} 11. Re1 {[#]}
Re8 $146 ({Predecessor:} 11... Be6 12. Bxe6 fxe6 13. b4 cxb4 14. cxb4 b5 15.
Bd2 Qd7 16. h3 h6 17. Rc1 a6 {1/2-1/2 (35) Mary,P (2114)-Sorcinelli,A (1753)
LSS email 2012}) 12. Bd2 Ne7 {[%cal Bc6e7,Be7g6,Bg6f4][%mdl 32]} 13. Bc4 Ng6
14. b4 b6 15. b5 Be6 16. Bxe6 Rxe6 17. c4 Nf4 18. Qb3 g5 {And now ...g4 would
win.} 19. Be3 g4 20. Nd2 h5 21. Nf1 h4 22. Qd1 Bg7 23. Bc1 (23. Qxg4 $2 Rg6 $19
) (23. Bxf4 $6 exf4 24. Qxg4 h3) 23... Rg6 24. Ne3 $1 Qd7 25. Nf5 Bf6 26. a5
Kh7 27. axb6 axb6 28. Be3 (28. Bxf4 $142 exf4 29. Ra6) 28... d5 (28... Ne6 $16)
29. Bxf4 $2 (29. cxd5 $6 Nxd5 30. Qb3 (30. exd5 Qxf5 31. Ra7 Kg8 $15) 30... Nb4
$14) (29. g3 $1 $18 {[%cal Rg3f4]} Nh3+ 30. Kf1) 29... exf4 $11 30. cxd5 Bxa1
31. Qxa1 Re8 (31... h3 $1 $11 {keeps the balance.}) 32. Nxh4 $16 Rg5 33. g3 $1
({Don't play} 33. Qf6 $6 Qxd5 34. Qxf4 (34. Nf5 $2 Qxf5 {[%mdl 64] Pin} 35. Qa1
Qe5 $19) 34... Kg8 $14) 33... f3 34. h3 ({Much worse is} 34. Qf6 $6 {[#]} Rxd5
$1 35. h3 (35. Nf5 $2 Qxf5 36. Qxf5+ Rxf5 $19 {[%mdl 64] Pin}) 35... Qe6 $1 $11
) 34... Rh5 35. Nf5 (35. Qc1 {is interesting.} gxh3 36. Qf4 Rxd5 37. Ra1 Rde5
38. Kh2) 35... Rxf5 36. exf5 {Black must now prevent Rxe8.} Rxe1+ 37. Qxe1 {
Hoping for Qe5.} Qxd5 $14 {[%mdl 4096] Endgame KQ-KQ} 38. Qe7 $1 Qxf5 39. hxg4
Qd5 40. Qf6 ({White should try} 40. g5 $1 $14) 40... Kg8 $1 $11 41. Qf5 Qb3 42.
Qxf3 Qxb5 43. Qd5 Qe8 (43... Qb1+ $1 $11 44. Kg2 Kg7) 44. g5 $16 Qe6 $2 {
[%mdl 8192] This move loses the game for Black.} (44... Qe1+ $16 45. Kg2 Qe7)
45. Qxe6 {White mates.} fxe6 {KP-KP} 46. f4 Kf7 47. Kf2 b5 48. Ke3 Kg6 49. g4
b4 50. Kd2 e5 51. fxe5 Kxg5 52. Kc2 {Weighted Error Value: White=0.09/Black=0.
28} 1-0

[Event "FTX Crypto Cup Prelims 2021"]
[Site "Chess24"]
[Date "2021.05.18"]
[Round "15.8"]
[White "Firouzja, Alireza"]
[Black "Svidler, Peter"]
[Result "1/2-1/2"]
[WhiteElo "2703"]
[BlackElo "2742"]
[Annotator "TA"]
[PlyCount "151"]
[EventDate "2021.05.23"]
[EventType "tourn"]
[EventCountry "NET"]
[Tiebreak "Koya+Number of black wins+Number of wins"]
[SourceTitle "playchess.com"]
[Source "ChessBase"]
[SourceQuality "1"]

{[%evp 19,151,17,30,18,16,12,18,10,20,10,31,0,8,9,0,-6,35,0,0,0,38,45,121,0,0,
0,0,-75,-83,-115,-130,-121,-120,-108,-111,-131,-107,-125,-119,-129,-129,-161,0,
-183,-127,-129,-130,-122,0,-122,-62,-61,-52,-39,-26,-32,-15,-15,-14,-15,0,0,0,
-2,0,0,0,0,0,0,0,0,0,0,8,0,8,8,8,8,14,8,19,19,19,19,19,8,8,8,19,8,19,19,19,19,
19,19,19,19,19,8,8,8,8,8,19,19,19,8,19,8,19,8,19,19,19,19,19,0,0,0,0,0,0,0,0,0,
0,0,0,0,0,0]} 1. Nf3 c5 2. c4 Nc6 3. Nc3 g6 4. e3 Nf6 5. d4 cxd4 6. exd4 d5 7.
cxd5 Nxd5 8. Qb3 Nxc3 9. Bc4 e6 10. bxc3 Bd7 11. Be2 {A35: Symmetrical English:
2 Nc3 Nc6 3 Nf3.} (11. Qxb7 $2 Rb8 $19) 11... Na5 12. Qb1 Bg7 13. Ba3 Bf8 14.
Bxf8 Kxf8 {[#]} 15. c4 $146 ({Predecessor:} 15. h4 h5 16. O-O Kg7 17. c4 Rc8
18. Ne5 Be8 19. Qe4 f6 20. Nd3 Nxc4 21. Nc5 {1-0 (66) Shchekachev,A (2515)
-Razafindratsima,T (2341) Europe Echecs INT 2021}) 15... Bc6 16. Qb4+ Kg7 17.
O-O Rc8 18. Ne5 (18. d5 $5 exd5 19. Rad1 $11) 18... b6 19. Rad1 Qg5 {[%csl Gc6]
[%cal Rg5g2]} 20. g3 Rhd8 ({Better is} 20... Rhe8 $14) 21. Qb2 ({Only move:} 
21. f4 $16 Qf5 22. d5) 21... Ba4 $36 {[%mdl 2048] Black is pushing.} 22. Rd2
Qe7 23. d5 (23. Rc1 $11 {keeps the balance.}) 23... f6 $17 24. Ng4 Nxc4 25.
Bxc4 Rxc4 26. d6 Qf7 (26... Rxd6 27. Rxd6 Rxg4 28. Qd2 $14) 27. Ne3 Rc5 28. Rc1
Rdc8 29. Re1 e5 30. f4 Re8 $2 (30... Qe6 $19 31. Nf1 Bd7) 31. Rf2 $2 (31. Ng4
$1 $11 {and White is okay.} Qd7 32. Qb4) 31... Qd7 (31... Re6 $19 32. Ng2 e4)
32. fxe5 Rcxe5 33. Rxf6 Qb5 ({Black should try} 33... Kxf6 $17 34. Nd5+ Kf7 35.
Rxe5 Qxd6 36. Qf2+ Kg7 37. Rxe8 Bxe8 38. Qd4+ Kf7 39. Qf2+ Ke6 40. Qe3+ Kxd5
41. Qxe8 Kc5 42. Qc8+ Kb5 43. Qe8+ Kb4) 34. Qd4 {[#]} (34. Qf2 $11 Rxe3 35.
Rxe3 (35. Rf7+ Kg8 $11) 35... Rxe3 36. Rf7+ {[%mdl 64] Double Attack} Kg8 37.
Rf8+ Kg7 38. Rf7+ {[%mdl 64] Double Attack} Kg8 39. Rf8+ Kg7 40. Rf7+ {[%mdl
64] Double Attack}) 34... Qc5 $1 35. Rf4 {Threatening Qxc5.} Qxd4 36. Rxd4 {
Threatens to win with d7.} Bd7 37. Rc4 Rc5 38. Rxc5 {The position is equal.}
bxc5 $11 {[%mdl 4096] Endgame KRB-KRN} 39. Rb1 Bc6 40. Nc4 Kf6 41. Na5 $1 {
[%cal Ra5c6]} Bd5 (41... Rc8 {is interesting.} 42. Nxc6 Rxc6 43. Rd1 Rc8 44.
Rd5 c4) 42. Nb7 Bxb7 ({Wrong is} 42... Bxa2 $2 {[#]} 43. d7 $1 $18 {[%mdl 512]}
) 43. Rxb7 {KR-KR} Rd8 44. Rxh7 Rxd6 45. Rxa7 Rd2 46. a4 Ra2 47. a5 (47. Rc7 {
looks sharper.} Rxa4 48. Rxc5 g5 49. Rd5 g4 50. h4) 47... c4 {...c3 is the
strong threat.} 48. Rc7 Rxa5 49. Rxc4 Ra2 50. Rf4+ Kg7 51. Rf2 Ra4 52. Kg2 g5
53. Rb2 Kg6 54. Rb6+ Kg7 55. Kf3 Kf7 56. h3 Kg7 57. Re6 Kf7 58. Re4 (58. Re3 {
looks sharper.} Kg6 59. g4 Rf4+ 60. Ke2 Rb4 61. Re6+) 58... Ra6 59. Rd4 Kg6 60.
Ke4 Re6+ 61. Kd3 Ra6 62. Rc4 Ra3+ 63. Rc3 Ra4 64. Ke3 Rb4 65. Rd3 Ra4 66. Rd6+
Kf5 67. g4+ Ke5 68. Rd3 Kf6 69. Rd6+ Ke5 70. Rh6 (70. Rd3 {feels hotter.})
70... Ra3+ 71. Kf2 Ra2+ 72. Kg3 Ra3+ 73. Kg2 Ra2+ 74. Kg3 Ra3+ 75. Kg2 Ra2+ 76.
Kg3 {Weighted Error Value: White=0.19/Black=0.15} 1/2-1/2